Stati per produzione di riso - Statistics

Statistiche generali
  • Questo quiz è stato fatto 26 volte
  • Il punteggio medio è 13 su 15
Statistiche sulle risposte
Continente Produzione (tonnellate) Stato % Corretto
Asia 211 090 813 Cina
100%
America del Sud 10 622 189 Brasile
95%
Asia 158 756 871 India
95%
Asia 77 297 509 Indonesia
95%
Asia 25 267 523 Thailandia
95%
Asia 8 044 000 Giappone
91%
Asia 10 412 155 Pakistan
91%
America del Nord 10 167 050 Stati Uniti
91%
Asia 43 437 229 Vietnam
91%
Asia 52 590 000 Bangladesh
82%
Asia 25 672 832 Birmania
82%
Asia 9 824 001 Cambogia
77%
Africa 6 300 000 Egitto
73%
Asia 17 627 523 Filippine
68%
Africa 6 070 813 Nigeria
41%
Nessun quiz corrispondente trovato
Distribuzione punteggi
Percentuale di utenti per punteggio
Percentile per numero di risposta
I tuoi punteggi nel tempo
Non hai fatto questo quiz